| Поле | Название | Значение |
| |
Тип записи |
c |
| |
Библиографический уровень |
m |
| 001 |
Контрольный номер |
UONB/MAIN/b200c64aa38643fbab57431661d9e49e |
| 005 |
Дата корректировки |
20251125133416.7 |
| 010 |
Индекс ISBN |
__ |
| d |
Цена |
35 к. |
| 9 |
Тираж |
20000 экз. |
| 071 |
Издательские номер (звукозапись и ноты) |
21 |
| a |
Номер, присвоенный агентством |
3030 |
| 100 |
Данные общей обработки |
__ |
| a |
Данные общей обработки |
20220329g1984 ||uy0rusy0189 ca |
| 101 |
Язык документа |
0_ |
| a |
Язык текста |
rus |
| f |
Язык титульного листа |
rus |
| 102 |
Страна публикации |
__ |
| a |
Страна публикации |
RU |
| 125 |
Кодированные данные звукозаписи и нотных изданий |
__ |
| a |
Форма изложения нотного текста |
c |
| 128 |
Кодированные данные (звукозаписи-физические характеристики) |
__ |
| a |
Кодированные данные: Музыкальная форма и тональность или лад |
sg |
| c |
Инструменты или голоса, рекомендуемые для солистов (устаревшее) |
kt |
| 200 |
Заглавие и сведения об ответственности |
1_ |
| a |
Заглавие |
Вып. 13 |
| b |
Общее обозначение материала |
Ноты |
| f |
Первые сведения об ответственности |
сост. Г. Краснов |
| g |
Последующие сведения об ответственности |
перелож. выполнены В. Кузнецовым |
| 210 |
Выходные данные |
1_ |
| d |
Дата издания |
1984 |
| 215 |
Физическое описание |
__ |
| a |
Объем |
32 с. включ. обл. |
| 327 |
Примечание о содержании |
11 |
| a |
Примечание о содержании |
Содерж.: Носов Г. За мир и свободу / сл. С. Фогельсона. - Пахмутова А. Комсомольская путевка / сл. Е. Долматовского. - Гаврилин В. Нам ли Севера бояться / сл. В. Максимова. - Дмитриев В. Над Кронштадтом туман / сл. С. Беликова. - Морозов А. Наши дети / сл. М. Рябинина. - Колкер А. Карелия / сл. К. Рыжова. - Мокроусов Б. Осенние листья / сл. М. Лисянского. - Паулс Р. Старинные часы / сл. И. Резника. |
| 461 |
Уровень набора |
_0 |
| 1 |
|
2001 |
| a |
|
Популярные песни в переложении для баяна или аккордеона |
| b |
|
Ноты |
| e |
|
[с надпис. текстом] |
| v |
|
Вып. 13 |
| 1 |
|
2101 |
| a |
|
М. |
| c |
|
Музыка |
| d |
|
1982 - |
| 1 |
|
001UONB/MAIN/3f953c3232fc466c979063380d5fd5f1 |
| 464 |
Аналитический уровень |
_0 |
| 1 |
|
700 1 |
| a |
|
Носов |
| b |
|
Г. |
| 1 |
|
2001 |
| a |
|
За мир и свободу |
| e |
|
Ты помнишь дороги, товарищ... |
| 1 |
|
702 1 |
| a |
|
Фогельсон |
| b |
|
С. |
| 4 |
|
520 |
| 464 |
Аналитический уровень |
_0 |
| 1 |
|
700 1 |
| a |
|
Пахмутова |
| b |
|
А. |
| 1 |
|
2001 |
| a |
|
Комсомольская путевка |
| e |
|
Век двадцатый, год двадцатый... |
| 1 |
|
702 1 |
| a |
|
Долматовский |
| b |
|
Е. |
| 4 |
|
520 |
| 464 |
Аналитический уровень |
_0 |
| 1 |
|
700 1 |
| a |
|
Гаврилин |
| b |
|
В. |
| 1 |
|
2001 |
| a |
|
Нам ли Севера бояться |
| e |
|
Нам ли Севера бояться... |
| 1 |
|
702 1 |
| a |
|
Максимов |
| b |
|
В. |
| 4 |
|
520 |
| 464 |
Аналитический уровень |
_0 |
| 1 |
|
700 1 |
| a |
|
Дмитриев |
| b |
|
В. |
| 1 |
|
2001 |
| a |
|
Над Кронштадтом туман |
| e |
|
Над Кронштадтом туман... |
| 1 |
|
702 1 |
| a |
|
Беликов |
| b |
|
С. |
| 4 |
|
520 |
| 464 |
Аналитический уровень |
_0 |
| 1 |
|
700 1 |
| a |
|
Морозов |
| b |
|
А. |
| 1 |
|
2001 |
| a |
|
Наши дети |
| e |
|
Кто нас будит звонким смехом на рассвете?.. |
| 1 |
|
702 1 |
| a |
|
Рябинин |
| b |
|
М. |
| 4 |
|
520 |
| 464 |
Аналитический уровень |
_0 |
| 1 |
|
700 1 |
| a |
|
Колкер |
| b |
|
А. |
| 1 |
|
2001 |
| a |
|
Карелия |
| e |
|
В разных краях... |
| 1 |
|
702 1 |
| a |
|
Рыжов |
| b |
|
К. |
| 4 |
|
520 |
| 464 |
Аналитический уровень |
_0 |
| 1 |
|
700 1 |
| a |
|
Мокроусов |
| b |
|
Б. |
| 1 |
|
2001 |
| a |
|
Осенние листья |
| e |
|
Осенние листья шумят и шумят в саду... |
| 1 |
|
702 1 |
| a |
|
Лисянский |
| b |
|
М. |
| 4 |
|
520 |
| 464 |
Аналитический уровень |
_0 |
| 1 |
|
700 1 |
| a |
|
Паулс |
| b |
|
Р. |
| 1 |
|
2001 |
| a |
|
Старинные часы |
| e |
|
Старинные часы еще идут... |
| 1 |
|
702 1 |
| a |
|
Резник |
| b |
|
И. |
| 4 |
|
520 |
| 512 |
Заглавие обложки |
1_ |
| a |
Заглавие обложки |
Популярные песни в переложении для баяна или аккордеона |
| 606 |
Тематические рубрики |
0_ |
| a |
Основная рубрика |
Баян |
| x |
Основная подрубрика |
Популярные песни |
| 606 |
Тематические рубрики |
0_ |
| a |
Основная рубрика |
Аккордеон |
| x |
Основная подрубрика |
Популярные песни |
| 610 |
Ключевые слова |
0_ |
| a |
Ключевые слова |
баян; аккордеон; популярные песни; переложения |
| 686 |
Индексы других классификаций |
__ |
| 2 |
Код системы |
rubbk |
| a |
Классификационный индекс |
85.954.6-094-041(2)я43 |
| a |
Классификационный индекс |
85.954.7-094-041(2)я43 |
| 702 |
Вторичная интеллектуальная ответственность |
_1 |
| a |
Фамилия |
Краснов |
| b |
Имя (инициалы) |
Г. В. |
| g |
Полное личное имя |
Георгий Викторович |
| 4 |
Код отношения |
220 |
| 702 |
Вторичная интеллектуальная ответственность |
_1 |
| a |
Фамилия |
Кузнецов |
| b |
Имя (инициалы) |
В. |
| 4 |
Код отношения |
030 |
| 801 |
Источник записи |
_0 |
| a |
Страна |
RU |
| b |
Организация |
Ульяновская ОНБ |
| c |
Дата составления |
20220329 |
| g |
Правила каталогизации |
RCR |
| 801 |
Источник записи |
_1 |
| a |
Страна |
RU |
| b |
Организация |
Ульяновская ОНБ |
| c |
Дата составления |
20220329 |
| g |
Правила каталогизации |
RCR |
| 901 |
Тип документа |
__ |
| t |
Тип документа |
n |
| w |
Контрольный № источника |
UONB/MAIN/3f953c3232fc466c979063380d5fd5f1 |
| 909 |
Создатель записи |
__ |
| a |
Создатель записи |
Грязнова И. Е. |